Physical education in the school child's day, (Record no. 22144)

MARC details
000 -LEADER
fixed length control field 01087cam a22002531 4500
001 - CONTROL NUMBER
control field e 51000002
003 - CONTROL NUMBER IDENTIFIER
control field DLC
005 - DATE AND TIME OF LATEST TRANSACTION
control field 20260227111234.0
008 - FIXED-LENGTH DATA ELEMENTS--GENERAL INFORMATION
fixed length control field 830127s1950 dcua b f000 0 eng c
010 ## - LIBRARY OF CONGRESS CONTROL NUMBER
LC control number e 51000002
035 ## - SYSTEM CONTROL NUMBER
System control number (OCoLC)9167406
040 ## - CATALOGING SOURCE
Original cataloging agency U.S. Office of Education. Library
Transcribing agency WWauC
Modifying agency WWauC
-- DLC
042 ## - AUTHENTICATION CODE
Authentication code premarc
050 00 - LIBRARY OF CONGRESS CALL NUMBER
Classification number L111
Item number .A6 1950, no. 14
100 1# - MAIN ENTRY--PERSONAL NAME
Personal name McNeely, Simon A.
245 10 - TITLE STATEMENT
Title Physical education in the school child's day,
Statement of responsibility, etc. by Simon A. McNeely and Elsa Schneider.
260 ## - PUBLICATION, DISTRIBUTION, ETC.
Place of publication, distribution, etc. [Washington]
Name of publisher, distributor, etc. Federal Security Agency, Office of Education
Date of publication, distribution, etc. [1950]
300 ## - PHYSICAL DESCRIPTION
Extent vi, 94 p.
Other physical details illus.
Dimensions 23 cm.
410 10 - SERIES STATEMENT/ADDED ENTRY--CORPORATE NAME [OBSOLETE, CAN/MARC], [LOCAL, USA]
Corporate name or jurisdiction name as entry element United States.
Subordinate unit Office of Education.
Title of a work Bulletin, 1950,
Volume number/sequential designation no. 14
501 ## - WITH NOTE
With note Copies 1 and 2 of L111.A6 with: State boards of education and chief state school officers / Ward W. Keesecker. Washington : Govt. Print. Off., 1950. Bound together subsequent to publication.
Institution to which field applies DLC
504 ## - BIBLIOGRAPHY, ETC. NOTE
Bibliography, etc. note "You can find out more about physical education": p. 90-94.
650 #0 - SUBJECT ADDED ENTRY--TOPICAL TERM
Topical term or geographic name entry element Physical education and training.
700 1# - ADDED ENTRY--PERSONAL NAME
Personal name Schneider, Elsa,
Dates associated with a name 1906-

No items available.

Powered by Koha